000 00576nam a2200205Ia 4500
001 4425
008 140318s9999 xx 000 0 und d
020 _a9971-713-7
040 _cPK-LaUMT
082 _a 509.17671
_bMUH-R
100 _aH. R. Dalafi
245 _aRenaissance of sciences in Islamic countries
_cH. R. Dalafi<>M. H. A. Hassan<>Muhammad Abdus Salam
260 _aSingapore:
_bWorld Scientific,
_c1994
300 _a351 p.
546 _aEN
650 _aScience-Islamic countires
700 _aM. H. A. Hassan
700 _aMuhammad Abdus Salam
942 _cBK
999 _c4592
_d4592